ANATOMY AND CRUDE DRUGS (Record no. 7973)

MARC details
000 -LEADER
fixed length control field 00470nam a22001817a 4500
005 - DATE AND TIME OF LATEST TRANSACTION
control field 20230117113303.0
008 - FIXED-LENGTH DATA ELEMENTS--GENERAL INFORMATION
fixed length control field 220221b ||||| |||| 00| 0 eng d
020 ## - INTERNATIONAL STANDARD BOOK NUMBER
ISBN 978-81-7800-290-3
041 ## - LANGUAGE CODE
Language code of text/sound track or separate title eng
082 ## - DEWEY DECIMAL CLASSIFICATION NUMBER
Classification number 571.32
Item number LYE-A
100 ## - MAIN ENTRY--AUTHOR NAME
Personal name LYENGAR, M.A AND NAYAK, S.G.K
245 ## - TITLE STATEMENT
Title ANATOMY AND CRUDE DRUGS
250 ## - EDITION STATEMENT
Edition statement 12TH, ED.
260 ## - PUBLICATION, DISTRIBUTION, ETC. (IMPRINT)
Place of publication HYDERABAD
Name of publisher PHARMA MED PRESS
Year of publication 2006
300 ## - PHYSICAL DESCRIPTION
Number of Pages 77;p
650 ## - SUBJECT ADDED ENTRY--TOPICAL TERM
Topical Term PHARMACY
General subdivision B.PHARMA
942 ## - ADDED ENTRY ELEMENTS (KOHA)
Koha item type Books
Holdings
Lost status Damaged status Collection code Home library Current library Shelving location Date acquired Source of acquisition Cost, normal purchase price Full call number Accession Number Koha item type
    PHARMACY JRU Library JRU Library SHELF-17-D 21/02/2022 PURCHASE 80.00 571.32 26575 Books